[Event "19. Open de Sants Hostafrancs 2017"]
[Site "Barcelona ESP"]
[Date "2017.08.23"]
[Round "6.25"]
[White "Kramer, Julian"]
[Black "Rios, Cristhian Camilo"]
[Result "1/2-1/2"]
[WhiteElo "2333"]
[BlackElo "2475"]
[PlyCount "48"]
[EventDate "2017.08.18"]
[EventType "swiss"]
[EventRounds "10"]
[EventCountry "ESP"]
[SourceTitle "Ajedrez en Madrid"]
[Source "lmi"]
[SourceDate "2017.08.18"]

1. e4 c5 2. Nf3 d6 3. d4 cxd4 4. Nxd4 Nf6 5. Nc3 e6 6. f4 Nc6 7. Be3 Be7 8. Qf3
e5 9. Nxc6 bxc6 10. f5 Rb8 11. O-O-O Qa5 12. Bc4 Ba6 13. Bb3 c5 14. Ba4+ Kf8
15. Bd2 c4 16. g4 Bb7 17. Rhe1 d5 18. exd5 Nxd5 19. Rxe5 Bf6 20. Rxd5 Bxd5 21.
Qxd5 Qxd5 22. Nxd5 Bxb2+ 23. Kb1 Bc3+ 24. Kc1 Bb2+ 1/2-1/2

[Event "19. Open de Sants Hostafrancs 2017"]
[Site "Barcelona ESP"]
[Date "2017.08.23"]
[Round "6.26"]
[White "Christiansen, Johan-sebastian"]
[Black "Kholopov, Alexander A"]
[Result "1-0"]
[WhiteElo "2475"]
[BlackElo "2306"]
[PlyCount "45"]
[EventDate "2017.08.18"]
[EventType "swiss"]
[EventRounds "10"]
[EventCountry "ESP"]
[SourceTitle "Ajedrez en Madrid"]
[Source "lmi"]
[SourceDate "2017.08.18"]

1. Nf3 Nf6 2. c4 c5 3. g3 d5 4. cxd5 Nxd5 5. Nc3 Nc6 6. Bg2 Nc7 7. d3 e5 8. Nd2
Bd7 9. O-O Be7 10. Nc4 O-O 11. Bxc6 Bxc6 12. Nxe5 Be8 13. Qb3 b6 14. Be3 Bf6
15. Ng4 Be7 16. Rfd1 Ne6 17. Nd5 Bc6 18. Nxe7+ Qxe7 19. Ne5 Bb7 20. Rac1 Rfc8
21. Rd2 h5 22. Qc2 g6 23. a4 1-0

[Event "19. Open de Sants Hostafrancs 2017"]
[Site "Barcelona ESP"]
[Date "2017.08.23"]
[Round "6.27"]
[White "Aakanksha, Hagawane"]
[Black "Brunner, Nicolas"]
[Result "0-1"]
[WhiteElo "2328"]
[BlackElo "2472"]
[PlyCount "90"]
[EventDate "2017.08.18"]
[EventType "swiss"]
[EventRounds "10"]
[EventCountry "ESP"]
[SourceTitle "Ajedrez en Madrid"]
[Source "lmi"]
[SourceDate "2017.08.18"]

1. e4 c5 2. Nf3 d6 3. d4 cxd4 4. Nxd4 Nf6 5. Nc3 a6 6. f4 e5 7. Nf3 Nbd7 8. Bd3
Be7 9. a4 O-O 10. O-O exf4 11. Kh1 Nc5 12. Bxf4 Bg4 13. Qd2 Bh5 14. Nd4 Bg6 15.
Rae1 Re8 16. Bg3 d5 17. e5 Nfe4 18. Nxe4 Nxe4 19. Bxe4 dxe4 20. c3 Bc5 21. Qe3
Qd7 22. a5 Rad8 23. Rd1 Qa4 24. b4 Ba7 25. Rd2 Rd5 26. h3 Rc8 27. Rdd1 h6 28.
Bf4 Kh7 29. h4 h5 30. Qh3 Rcd8 31. Ra1 Qe8 32. Ne2 Qb5 33. Rae1 Rd3 34. Qh2
R8d5 35. Bg5 Rxe5 36. c4 Qe8 37. Nf4 Rc3 38. Nxg6 fxg6 39. c5 Rb3 40. Bf4 Re6
41. Bd6 Qb5 42. Rf8 Qxb4 43. Ref1 e3 44. Qh3 Qc4 45. R1f4 e2 0-1

[Event "19. Open de Sants Hostafrancs 2017"]
[Site "Barcelona ESP"]
[Date "2017.08.23"]
[Round "6.28"]
[White "Ramesh, R B."]
[Black "Boix Moreno, Daniel"]
[Result "1-0"]
[WhiteElo "2470"]
[BlackElo "2300"]
[PlyCount "81"]
[EventDate "2017.08.18"]
[EventType "swiss"]
[EventRounds "10"]
[EventCountry "ESP"]
[SourceTitle "Ajedrez en Madrid"]
[Source "lmi"]
[SourceDate "2017.08.18"]

1. e4 c5 2. Nf3 d6 3. d4 cxd4 4. Nxd4 Nf6 5. Nc3 a6 6. Be2 e5 7. Nf3 h6 8. Bc4
Be6 9. Qe2 Be7 10. O-O O-O 11. Rd1 Qc7 12. Bb3 Nc6 13. Nd5 Bxd5 14. Bxd5 Nxd5
15. Rxd5 f5 16. c3 Qd7 17. exf5 Rxf5 18. Be3 Qe6 19. Rad1 Raf8 20. b3 e4 21.
Rxf5 Qxf5 22. Nd4 Nxd4 23. Rxd4 Rc8 24. c4 b5 25. g3 bxc4 26. bxc4 Rb8 27. Bf4
Rb1+ 28. Kg2 Ra1 29. Rd5 Qe6 30. Ra5 d5 31. cxd5 Qb6 32. Rxa6 Qb1 33. Ra8+ Kh7
34. Bc1 Bf6 35. Rc8 Rxa2 36. Qg4 e3 37. Bxe3 Qd3 38. Qc4 Qf5 39. Qxa2 Qxc8 40.
Qb1+ Kh8 41. Qe4 1-0

[Event "19. Open de Sants Hostafrancs 2017"]
[Site "Barcelona ESP"]
[Date "2017.08.23"]
[Round "6.29"]
[White "Cotonnec, Melkior"]
[Black "Sturt, Raven M"]
[Result "0-1"]
[WhiteElo "2329"]
[BlackElo "2444"]
[PlyCount "58"]
[EventDate "2017.08.18"]
[EventType "swiss"]
[EventRounds "10"]
[EventCountry "ESP"]
[SourceTitle "Ajedrez en Madrid"]
[Source "lmi"]
[SourceDate "2017.08.18"]

1. e4 e5 2. Nf3 Nc6 3. Bc4 Nf6 4. d3 Be7 5. O-O O-O 6. Re1 d6 7. a4 Na5 8. Ba2
c5 9. Nc3 Nc6 10. h3 h6 11. Ne2 Be6 12. Ng3 Bxa2 13. Rxa2 d5 14. exd5 Qxd5 15.
Ra1 Rfe8 16. Nf5 Rad8 17. Nxe7+ Rxe7 18. Be3 e4 19. dxe4 Qxe4 20. Qb1 Qc4 21.
c3 Ne4 22. Rd1 Rde8 23. Qd3 Na5 24. Qc2 b6 25. Qb1 f5 26. Qa2 Kh7 27. Nd2 Nxd2
28. Bxd2 Nb3 29. a5 Nxd2 0-1

[Event "19. Open de Sants Hostafrancs 2017"]
[Site "Barcelona ESP"]
[Date "2017.08.23"]
[Round "6.30"]
[White "Collins, Sam E"]
[Black "Rabineau, Clement"]
[Result "1/2-1/2"]
[WhiteElo "2443"]
[BlackElo "2297"]
[PlyCount "148"]
[EventDate "2017.08.18"]
[EventType "swiss"]
[EventRounds "10"]
[EventCountry "ESP"]
[SourceTitle "Ajedrez en Madrid"]
[Source "lmi"]
[SourceDate "2017.08.18"]

1. e4 g6 2. d4 Bg7 3. Nc3 d6 4. f4 a6 5. Nf3 Nd7 6. Bc4 e6 7. f5 Nb6 8. Bd3
exf5 9. exf5 Ne7 10. Qe2 O-O 11. fxg6 hxg6 12. Bg5 f6 13. Bd2 Qe8 14. O-O-O Bf5
15. Rde1 Bxd3 16. Qxe7 Bc4 17. Qxc7 Qc6 18. Qxc6 bxc6 19. b3 Bf7 20. Ne4 Rfd8
21. Ba5 Rab8 22. c4 d5 23. Ned2 Rd7 24. c5 Na8 25. h4 Nc7 26. Bc3 Ne6 27. g3
Bf8 28. Rh2 Ng7 29. Rhe2 Re8 30. Rxe8 Bxe8 31. b4 Be7 32. Nb3 Bd8 33. Bd2 Kf7
34. Bf4 Re7 35. Kd2 Rxe1 36. Kxe1 Bd7 37. Bb8 Ke7 38. Kf2 Ke8 39. Ng1 Kf7 40.
Ne2 Nf5 41. Ba7 Bc7 42. Bb6 Bb8 43. Bd8 Nh6 44. Na5 Ng4+ 45. Kf3 Nh2+ 46. Kg2
Ng4 47. a4 Ne3+ 48. Kf2 Nc2 49. b5 axb5 50. axb5 cxb5 51. c6 Bc8 52. Bb6 Bd6
53. Nc3 b4 54. Nb5 Ke6 55. Bc5 Bxc5 56. dxc5 Na3 57. Nd6 Ba6 58. Nb3 d4 59. c7
Kd7 60. c8=Q+ Bxc8 61. Nxc8 Kxc8 62. Nxd4 Nc4 63. g4 Ne5 64. Kg3 Kd7 65. h5 Ke8
66. h6 Kf7 67. g5 fxg5 68. c6 Nxc6 69. Nxc6 b3 70. Ne5+ Kg8 71. Nc4 Kh7 72. Kg4
Kxh6 73. Nb2 Kh7 74. Kxg5 Kg7 1/2-1/2

[Event "19. Open de Sants Hostafrancs 2017"]
[Site "Barcelona ESP"]
[Date "2017.08.23"]
[Round "6.31"]
[White "Mingarro Carceller, Sergi"]
[Black "Trent, Lawrence"]
[Result "1/2-1/2"]
[WhiteElo "2319"]
[BlackElo "2439"]
[PlyCount "40"]
[EventDate "2017.08.18"]
[EventType "swiss"]
[EventRounds "10"]
[EventCountry "ESP"]
[SourceTitle "Ajedrez en Madrid"]
[Source "lmi"]
[SourceDate "2017.08.18"]

1. e4 e5 2. Nf3 Nc6 3. Bc4 Nf6 4. d3 h6 5. O-O d6 6. a4 g6 7. c3 Bg7 8. Re1 O-O
9. Nbd2 Nh5 10. Nf1 Nf4 11. Ne3 Ne7 12. d4 c6 13. Bf1 Qc7 14. b4 Be6 15. Bb2
Rfd8 16. Qc2 a5 17. Red1 f6 18. Ba3 d5 19. bxa5 dxe4 20. Qxe4 Bd5 1/2-1/2

[Event "19. Open de Sants Hostafrancs 2017"]
[Site "Barcelona ESP"]
[Date "2017.08.23"]
[Round "6.32"]
[White "Buendia Pinar, Alvaro"]
[Black "Sundararajan, Kidambi"]
[Result "1/2-1/2"]
[WhiteElo "2307"]
[BlackElo "2422"]
[PlyCount "46"]
[EventDate "2017.08.18"]
[EventType "swiss"]
[EventRounds "10"]
[EventCountry "ESP"]
[SourceTitle "Ajedrez en Madrid"]
[Source "lmi"]
[SourceDate "2017.08.18"]

1. d4 e6 2. c4 Nf6 3. Nf3 Bb4+ 4. Bd2 c5 5. e3 O-O 6. Bd3 Bxd2+ 7. Nbxd2 cxd4
8. exd4 b6 9. O-O Bb7 10. Rc1 Nc6 11. Qa4 Ne7 12. Rfe1 Ng6 13. Bf1 a6 14. Ne5
Rc8 15. b4 d6 16. Nxg6 hxg6 17. Qb3 Ng4 18. Qg3 Nh6 19. Bd3 Nf5 20. Bxf5 gxf5
21. Nf3 Bxf3 22. Qxf3 Qd7 23. Qh5 g6 1/2-1/2

[Event "19. Open de Sants Hostafrancs 2017"]
[Site "Barcelona ESP"]
[Date "2017.08.23"]
[Round "6.33"]
[White "Chalmeta Ugas, Ramon"]
[Black "Lorenzo De La Riva, Lazaro"]
[Result "1/2-1/2"]
[WhiteElo "2298"]
[BlackElo "2415"]
[PlyCount "94"]
[EventDate "2017.08.18"]
[EventType "swiss"]
[EventRounds "10"]
[EventCountry "ESP"]
[SourceTitle "Ajedrez en Madrid"]
[Source "lmi"]
[SourceDate "2017.08.18"]

1. e4 c5 2. Nf3 g6 3. d4 cxd4 4. Nxd4 Nc6 5. Nc3 Bg7 6. Be3 Nf6 7. Bc4 O-O 8.
Bb3 d6 9. f3 Bd7 10. Qd2 Nxd4 11. Bxd4 b5 12. Nd5 Nxd5 13. Bxg7 Kxg7 14. Bxd5
Rc8 15. h4 e6 16. Bb3 a5 17. a3 a4 18. Ba2 Qf6 19. c3 Rc6 20. h5 g5 21. Rd1 h6
22. Qd4 Qxd4 23. Rxd4 Kf6 24. Ke2 Ke7 25. Bb1 e5 26. Rd5 Rb8 27. g4 Be6 28. Rd2
Bb3 29. Ke3 Rc5 30. Bd3 Rd8 31. Bc2 Be6 32. Rhd1 Rc6 33. Bd3 Rb8 34. Bc2 Rbb6
35. Bd3 Bb3 36. Rg1 Rc5 37. Be2 d5 38. exd5 Rd6 39. Bd3 Rcxd5 40. Rgg2 Bc4 41.
Be4 Rxd2 42. Rxd2 Rxd2 43. Kxd2 Kd6 44. Ke3 f6 45. Bf5 Kc5 46. Bc2 Bd5 47. Bd3
Bc6 1/2-1/2

[Event "19. Open de Sants Hostafrancs 2017"]
[Site "Barcelona ESP"]
[Date "2017.08.23"]
[Round "6.34"]
[White "Mouhamad, Joachin"]
[Black "Valdes Romero, Leonardo"]
[Result "1/2-1/2"]
[WhiteElo "2295"]
[BlackElo "2415"]
[PlyCount "92"]
[EventDate "2017.08.18"]
[EventType "swiss"]
[EventRounds "10"]
[EventCountry "ESP"]
[SourceTitle "Ajedrez en Madrid"]
[Source "lmi"]
[SourceDate "2017.08.18"]

1. e4 d6 2. d4 Nf6 3. Nc3 g6 4. Bg5 Bg7 5. Qd2 c6 6. O-O-O b5 7. Bd3 Nbd7 8.
Bh6 Bxh6 9. Qxh6 Qa5 10. Kb1 b4 11. Nce2 Ba6 12. Bxa6 Qxa6 13. Ng3 c5 14. dxc5
Nxc5 15. Nh3 Ne6 16. Ng5 Nxg5 17. Qxg5 Rc8 18. Rhe1 Rc5 19. Qd2 O-O 20. Qxb4
Rfc8 21. Re2 Ra5 22. Rd3 Ra4 23. Qb3 Nd7 24. Rf3 e6 25. a3 Rb8 26. Qa2 Rd4 27.
Re1 Rd2 28. Kc1 Rd4 29. Rd1 Rxd1+ 30. Kxd1 Ne5 31. Rc3 h5 32. b4 Rxb4 33. f3
Rd4+ 34. Ke1 h4 35. Ne2 Rc4 36. Qb3 Qa5 37. Kd1 Qc5 38. f4 Rxc3 39. Qxc3 Nc4
40. Kc1 Qxa3+ 41. Qxa3 Nxa3 42. Kd2 e5 43. Kd3 Nb5 44. Kc4 Na3+ 45. Kd3 Nb5 46.
Kc4 Na3+ 1/2-1/2

[Event "19. Open de Sants Hostafrancs 2017"]
[Site "Barcelona ESP"]
[Date "2017.08.23"]
[Round "6.35"]
[White "Minko, Vladimir"]
[Black "Tahay, Alexis"]
[Result "1-0"]
[WhiteElo "2411"]
[BlackElo "2290"]
[PlyCount "39"]
[EventDate "2017.08.18"]
[EventType "swiss"]
[EventRounds "10"]
[EventCountry "ESP"]
[SourceTitle "Ajedrez en Madrid"]
[Source "lmi"]
[SourceDate "2017.08.18"]

1. d4 Nf6 2. c4 c5 3. d5 b5 4. Qc2 bxc4 5. e4 d6 6. Bxc4 g6 7. Nc3 Bg7 8. Nf3
O-O 9. O-O Nbd7 10. h3 Nb6 11. Be2 Ne8 12. Be3 Nc7 13. Qd2 f5 14. exf5 Rxf5 15.
Bd3 Rf8 16. Bh6 Bxh3 17. Bxg7 Kxg7 18. Rfe1 Bg4 19. Kh2 Bf5 20. Bf1 1-0

[Event "19. Open de Sants Hostafrancs 2017"]
[Site "Barcelona ESP"]
[Date "2017.08.23"]
[Round "6.36"]
[White "Mu, Ke"]
[Black "Arias Boo, Guillermo"]
[Result "1/2-1/2"]
[WhiteElo "2411"]
[BlackElo "2283"]
[PlyCount "126"]
[EventDate "2017.08.18"]
[EventType "swiss"]
[EventRounds "10"]
[EventCountry "ESP"]
[SourceTitle "Ajedrez en Madrid"]
[Source "lmi"]
[SourceDate "2017.08.18"]

1. Nf3 Nf6 2. d4 g6 3. c4 Bg7 4. Nc3 O-O 5. e4 d6 6. Be2 e5 7. Be3 exd4 8. Nxd4
Re8 9. f3 c6 10. Nc2 d5 11. cxd5 cxd5 12. Bb5 Bd7 13. Bxd7 Nbxd7 14. Nxd5 Nxd5
15. Qxd5 Rc8 16. Qb3 Qa5+ 17. Bd2 Qb6 18. Ne3 Qa6 19. Bb4 Nc5 20. Bxc5 Rxc5 21.
a4 Qa5+ 22. Ke2 Qa6+ 23. Kf2 Bd4 24. Rhe1 Rec8 25. Re2 Qf6 26. Rd1 Qh4+ 27. Kg1
Rc1 28. g3 Qg5 29. Rxc1 Rxc1+ 30. Kf2 Qc5 31. Qd3 Rc4 32. Kg2 Bxe3 33. Rxe3 Rd4
34. Qc3 Qxc3 35. Rxc3 Rxa4 36. Rb3 b6 37. Kf2 Rc4 38. h4 h5 39. Ke3 Rc2 40. Kf4
Kf8 41. Ke5 Ke7 42. Ra3 a5 43. Rb3 Rc6 44. g4 hxg4 45. fxg4 Re6+ 46. Kf4 Rc6
47. Rb5 Kf6 48. Ke3 Ke6 49. h5 gxh5 50. gxh5 Kf6 51. Kd4 Kg7 52. Rg5+ Kh6 53.
Rf5 Kg7 54. Rf3 Rd6+ 55. Ke5 Rc6 56. Rg3+ Kh6 57. Kf5 b5 58. Rd3 Rc2 59. b3
Rf2+ 60. Ke5 Rh2 61. Kf6 Rf2+ 62. Ke5 Rh2 63. Kf6 Rf2+ 1/2-1/2

[Event "19. Open de Sants Hostafrancs 2017"]
[Site "Barcelona ESP"]
[Date "2017.08.23"]
[Round "6.37"]
[White "Garriga Cazorla, Pere"]
[Black "Costantini, Roberto"]
[Result "1-0"]
[WhiteElo "2405"]
[BlackElo "2253"]
[PlyCount "53"]
[EventDate "2017.08.18"]
[EventType "swiss"]
[EventRounds "10"]
[EventCountry "ESP"]
[SourceTitle "Ajedrez en Madrid"]
[Source "lmi"]
[SourceDate "2017.08.18"]

1. e4 c5 2. Nf3 d6 3. d4 cxd4 4. Nxd4 Nf6 5. Nc3 a6 6. Be3 e5 7. Nb3 Be6 8. f3
Be7 9. Qd2 O-O 10. O-O-O Nbd7 11. g4 b5 12. g5 b4 13. Ne2 Ne8 14. f4 a5 15. f5
a4 16. fxe6 axb3 17. exf7+ Rxf7 18. Kb1 bxc2+ 19. Qxc2 Bxg5 20. Bxg5 Qxg5 21.
Ng3 Nb6 22. Qb3 g6 23. Rg1 Raa7 24. Bb5 Nf6 25. Nf5 Qf4 26. Nxd6 Nxe4 27. Rgf1
1-0

[Event "19. Open de Sants Hostafrancs 2017"]
[Site "Barcelona ESP"]
[Date "2017.08.23"]
[Round "6.38"]
[White "Domingo Nunez, Ruben"]
[Black "Sukandar, Irine Kharisma"]
[Result "0-1"]
[WhiteElo "2283"]
[BlackElo "2400"]
[PlyCount "134"]
[EventDate "2017.08.18"]
[EventType "swiss"]
[EventRounds "10"]
[EventCountry "ESP"]
[SourceTitle "Ajedrez en Madrid"]
[Source "lmi"]
[SourceDate "2017.08.18"]

1. e4 e5 2. Nf3 Nc6 3. Bc4 Bc5 4. c3 Nf6 5. d3 O-O 6. O-O d6 7. h3 a6 8. Bb3
Ba7 9. Re1 h6 10. Nbd2 Be6 11. Nf1 Re8 12. Ng3 d5 13. Qe2 Qd7 14. Bc2 Rad8 15.
Kh2 b5 16. Nh4 dxe4 17. dxe4 Bg4 18. Qf1 Be6 19. Qe2 Ne7 20. a4 Bb6 21. Rd1 Qc6
22. Be3 Bxe3 23. Qxe3 b4 24. a5 b3 25. Bd3 g5 26. Nhf5 Bxf5 27. exf5 Ned5 28.
Qf3 Qc5 29. Re1 Nf4 30. Bxa6 Rd2 31. Be2 Rxb2 32. Qe3 Qxe3 33. fxe3 Nxe2 34.
Rxe2 Rxe2 35. Nxe2 c5 36. c4 Ne4 37. Rb1 Nd2 38. Rb2 Nxc4 39. Rxb3 Nxa5 40. Rb5
Nc4 41. Rxc5 Nxe3 42. Ng3 Kf8 43. Rc6 Rd8 44. Rc3 Nd5 45. Rc5 Nf4 46. Ne4 Rd4
47. f6 Kg8 48. Rxe5 Kh7 49. g3 Ne6 50. Kg2 Kg6 51. h4 Ra4 52. Kh3 Ra3 53. Kg2
Ra2+ 54. Kh3 Re2 55. g4 gxh4 56. Kxh4 Re3 57. Rxe6 fxe6 58. Nf2 Kxf6 59. Kh5
Re2 60. Nh3 Rh2 61. Kh4 e5 62. Kg3 Rxh3+ 63. Kxh3 Kg5 64. Kg3 e4 65. Kh3 Kf4
66. g5 hxg5 67. Kg2 Ke3 0-1

[Event "19. Open de Sants Hostafrancs 2017"]
[Site "Barcelona ESP"]
[Date "2017.08.23"]
[Round "6.40"]
[White "Rodriguez Alvarez, Vidal"]
[Black "Oblitas, Carlomagno"]
[Result "0-1"]
[WhiteElo "2224"]
[BlackElo "2397"]
[PlyCount "94"]
[EventDate "2017.08.18"]
[EventType "swiss"]
[EventRounds "10"]
[EventCountry "ESP"]
[SourceTitle "Ajedrez en Madrid"]
[Source "lmi"]
[SourceDate "2017.08.18"]

1. Nf3 Nf6 2. c4 c5 3. Nc3 Nc6 4. g3 g6 5. Bg2 Bg7 6. d4 cxd4 7. Nxd4 O-O 8.
O-O Nxd4 9. Qxd4 d6 10. Qd3 a6 11. Bd2 Nd7 12. Qc2 Rb8 13. Rac1 Ne5 14. b3 Bd7
15. Rfd1 Bc6 16. Nd5 e6 17. Nf4 Bxg2 18. Kxg2 Qc7 19. Bb4 Rfd8 20. Qd2 Bf8 21.
Kg1 Qc6 22. a4 h5 23. h4 Qe4 24. Qc2 Qxc2 25. Rxc2 Nc6 26. Ba3 Rbc8 27. Rcd2
Na5 28. Rd3 Rc6 29. Bb4 b6 30. e4 Nb7 31. e5 Nc5 32. Bxc5 bxc5 33. Ne2 Rb6 34.
exd6 Rdxd6 35. Rxd6 Bxd6 36. Rd3 Kf8 37. Kg2 Ke8 38. f4 Bc7 39. Ng1 Ke7 40. Nf3
f6 41. Kf2 Rb7 42. Ke3 Ba5 43. Ng1 Rb8 44. Nf3 Bb4 45. Ke4 Ba3 46. Ng1 Bc1 47.
Nf3 f5+ 0-1

[Event "19. Open de Sants Hostafrancs 2017"]
[Site "Barcelona ESP"]
[Date "2017.08.23"]
[Round "6.41"]
[White "Quirhuayo Chumbe, German Gonza"]
[Black "German, Nikita"]
[Result "1-0"]
[WhiteElo "2397"]
[BlackElo "2178"]
[PlyCount "99"]
[EventDate "2017.08.18"]
[EventType "swiss"]
[EventRounds "10"]
[EventCountry "ESP"]
[SourceTitle "Ajedrez en Madrid"]
[Source "lmi"]
[SourceDate "2017.08.18"]

1. e4 c5 2. Nf3 e6 3. d4 cxd4 4. Nxd4 a6 5. Nc3 Qc7 6. Bd3 Nf6 7. f4 d6 8. Qf3
g6 9. Be3 Bg7 10. O-O-O O-O 11. Kb1 Nc6 12. Nce2 Re8 13. h3 e5 14. Nxc6 bxc6
15. fxe5 dxe5 16. Bc4 Be6 17. Bxe6 Rxe6 18. Nc3 Qa5 19. Bc1 Rb8 20. g4 Ne8 21.
Rd7 Rf6 22. Qd3 Rf2 23. Qc4 Qb6 24. g5 Bf8 25. Nd1 Rf3 26. Qe2 Ra3 27. Rf1 Nd6
28. b3 Ra4 29. Nc3 Rc4 30. Rxd6 Rxc3 31. Rd7 Qc5 32. Rfxf7 Rxh3 33. Qf1 Rh2 34.
Bd2 a5 35. a4 Rh4 36. Rf3 Rh2 37. Rc3 Qf2 38. Qxf2 Rxf2 39. Rxc6 Re2 40. Rc4
Rg2 41. Rd5 Rb7 42. Rc8 Rf7 43. Bxa5 Rxg5 44. Bb4 h5 45. Rdd8 Rg1+ 46. Kb2 Rgf1
47. Bxf8 Rxf8 48. Rxf8+ Rxf8 49. Rxf8+ Kxf8 50. a5 1-0

[Event "19. Open de Sants Hostafrancs 2017"]
[Site "Barcelona ESP"]
[Date "2017.08.23"]
[Round "6.42"]
[White "Konguvel, Ponnuswamy"]
[Black "Fuochi, Tommaso"]
[Result "1-0"]
[WhiteElo "2383"]
[BlackElo "2074"]
[PlyCount "77"]
[EventDate "2017.08.18"]
[EventType "swiss"]
[EventRounds "10"]
[EventCountry "ESP"]
[SourceTitle "Ajedrez en Madrid"]
[Source "lmi"]
[SourceDate "2017.08.18"]

1. e4 e6 2. d4 d5 3. Nc3 Bb4 4. e5 Ne7 5. a3 Bxc3+ 6. bxc3 c5 7. Qg4 Qc7 8. Bd3
c4 9. Be2 Nf5 10. Bd1 O-O 11. Ne2 f6 12. f4 Nc6 13. Ng3 fxe5 14. fxe5 Qa5 15.
Bd2 Ne3 16. Qe2 Nxd1 17. Qxd1 Bd7 18. Qg4 Ne7 19. h4 Kh8 20. Nh5 Rf7 21. Nf4
Nf5 22. O-O Raf8 23. h5 Nh6 24. Qe2 Qd8 25. Nh3 Rxf1+ 26. Rxf1 Rxf1+ 27. Qxf1
Nf5 28. Bg5 Qe8 29. Qf3 Ba4 30. g4 Ne7 31. h6 Bxc2 32. hxg7+ Kg8 33. Qf6 Ng6
34. Bh6 Ba4 35. Nf4 Qf7 36. Nxe6 Bd7 37. Nd8 Qe7 38. g5 Qxa3 39. Qf7# 1-0

[Event "19. Open de Sants Hostafrancs 2017"]
[Site "Barcelona ESP"]
[Date "2017.08.23"]
[Round "6.44"]
[White "Valls Marti, Artur"]
[Black "Tsolakidou, Stavroula"]
[Result "0-1"]
[WhiteElo "2145"]
[BlackElo "2366"]
[PlyCount "94"]
[EventDate "2017.08.18"]
[EventType "swiss"]
[EventRounds "10"]
[EventCountry "ESP"]
[SourceTitle "Ajedrez en Madrid"]
[Source "lmi"]
[SourceDate "2017.08.18"]

1. e4 c5 2. Nf3 d6 3. d4 cxd4 4. Nxd4 Nf6 5. Nc3 a6 6. g3 e5 7. Nb3 Be7 8. Bg2
O-O 9. O-O Be6 10. a4 Nbd7 11. Re1 Qc7 12. Nd2 Qc5 13. Nf1 Bd8 14. Be3 Qb4 15.
Bd2 Qxb2 16. Rb1 Qa3 17. Re3 Qc5 18. Rd3 Qc6 19. Nd5 Nc5 20. Nxf6+ Bxf6 21. Rc3
Qxa4 22. Be3 Nxe4 23. Rc7 d5 24. Ra1 Qb4 25. Nd2 Nxd2 26. Bxd2 Qd6 27. Rxb7 Qc6
28. Rb4 e4 29. c3 a5 30. Rba4 Qc7 31. Rc1 Bd7 32. Ra2 Bb5 33. Bf1 Bxf1 34. Qxf1
Rfc8 35. Qb5 Qc5 36. Qd7 Rc7 37. Qf5 Qc4 38. Rca1 a4 39. Bf4 Rca7 40. Be5 Bxe5
41. Qxe5 h6 42. Ra3 Rb7 43. h4 Rb3 44. Rxa4 Rxa4 45. Qe8+ Kh7 46. Rxa4 Rb1+ 47.
Kh2 Qf1 0-1

[Event "19. Open de Sants Hostafrancs 2017"]
[Site "Barcelona ESP"]
[Date "2017.08.23"]
[Round "6.45"]
[White "Benet Morant, Damia"]
[Black "Grafl, Florian"]
[Result "1/2-1/2"]
[WhiteElo "2140"]
[BlackElo "2364"]
[PlyCount "65"]
[EventDate "2017.08.18"]
[EventType "swiss"]
[EventRounds "10"]
[EventCountry "ESP"]
[SourceTitle "Ajedrez en Madrid"]
[Source "lmi"]
[SourceDate "2017.08.18"]

1. d4 f5 2. Nf3 Nf6 3. g3 g6 4. c3 Bg7 5. Qb3 Nc6 6. Bg2 e6 7. O-O O-O 8. Nbd2
Kh8 9. Re1 d5 10. Nf1 Ne4 11. N3d2 e5 12. Nxe4 fxe4 13. dxe5 Nxe5 14. Bf4 c6
15. Rad1 Qb6 16. Be3 Qa6 17. Bc5 Re8 18. f3 Be6 19. Qc2 exf3 20. exf3 Bf5 21.
Qb3 Nd3 22. Rxe8+ Rxe8 23. Be3 b5 24. Rd2 Rxe3 25. Nxe3 Qb6 26. Re2 Bh6 27. f4
Bg4 28. Qc2 Bxe2 29. Qxe2 Nc1 30. Qe1 Nd3 31. Qe2 Nc1 32. Qe1 Nd3 33. Qe2
1/2-1/2

[Event "19. Open de Sants Hostafrancs 2017"]
[Site "Barcelona ESP"]
[Date "2017.08.23"]
[Round "6.46"]
[White "Vergara Jofre, Felipe"]
[Black "Chueca Forcen, Alberto"]
[Result "1/2-1/2"]
[WhiteElo "2119"]
[BlackElo "2361"]
[PlyCount "72"]
[EventDate "2017.08.18"]
[EventType "swiss"]
[EventRounds "10"]
[EventCountry "ESP"]
[SourceTitle "Ajedrez en Madrid"]
[Source "lmi"]
[SourceDate "2017.08.18"]

1. e4 e5 2. Nf3 Nc6 3. Bc4 Bc5 4. O-O Nf6 5. d3 d6 6. c3 O-O 7. h3 h6 8. Re1
Be6 9. Nbd2 Qd7 10. Bxe6 fxe6 11. b4 Bb6 12. Nc4 Ne7 13. a4 c6 14. Ba3 Bc7 15.
b5 Rfd8 16. Rb1 Ng6 17. b6 axb6 18. Nxb6 Bxb6 19. Rxb6 Qf7 20. Qb3 Ra7 21. Kh2
Nf4 22. Rd1 Kh7 23. Ne1 Qh5 24. Rd2 Rd7 25. Bc1 Rf7 26. Qd1 Qxd1 27. Rxd1 Rxa4
28. Bxf4 exf4 29. Rdb1 Ra7 30. Kg1 Rc7 31. Kf1 c5 32. Ke2 g5 33. f3 Nd7 34.
R6b2 Kg7 35. Nc2 Kf6 36. d4 b5 1/2-1/2

[Event "19. Open de Sants Hostafrancs 2017"]
[Site "Barcelona ESP"]
[Date "2017.08.23"]
[Round "6.47"]
[White "Tejaswini, Sagar"]
[Black "Plazuelo Pascual, Juan"]
[Result "1/2-1/2"]
[WhiteElo "2139"]
[BlackElo "2356"]
[PlyCount "44"]
[EventDate "2017.08.18"]
[EventType "swiss"]
[EventRounds "10"]
[EventCountry "ESP"]
[SourceTitle "Ajedrez en Madrid"]
[Source "lmi"]
[SourceDate "2017.08.18"]

1. e4 e6 2. d4 d5 3. Nd2 Be7 4. e5 c5 5. Qg4 Kf8 6. dxc5 h5 7. Qg3 h4 8. Qe3
Qc7 9. Nb3 Nd7 10. f4 Nxc5 11. Bd3 Nh6 12. Qe2 b6 13. Be3 Bb7 14. Nd4 g6 15.
Nh3 a6 16. O-O Kg7 17. Rad1 b5 18. c3 Nxd3 19. Qxd3 Rac8 20. Qe2 Qc4 21. Qxc4
Rxc4 22. Ne2 Rhc8 1/2-1/2

[Event "19. Open de Sants Hostafrancs 2017"]
[Site "Barcelona ESP"]
[Date "2017.08.23"]
[Round "6.48"]
[White "Martin, Julian"]
[Black "Rivalin, Kenny"]
[Result "1-0"]
[WhiteElo "2353"]
[BlackElo "2074"]
[PlyCount "93"]
[EventDate "2017.08.18"]
[EventType "swiss"]
[EventRounds "10"]
[EventCountry "ESP"]
[SourceTitle "Ajedrez en Madrid"]
[Source "lmi"]
[SourceDate "2017.08.18"]

1. e4 c5 2. Nf3 d6 3. d4 cxd4 4. Nxd4 Nf6 5. Nc3 Nc6 6. g3 g6 7. Bg2 Nxd4 8.
Qxd4 Bg7 9. O-O O-O 10. h3 Be6 11. Qe3 Nd7 12. Bd2 Nb6 13. b3 d5 14. exd5 Nxd5
15. Bxd5 Bxd5 16. Nxd5 Qxd5 17. Rad1 Qf5 18. c4 e6 19. Bb4 Rfc8 20. g4 Qe5 21.
Qxe5 Bxe5 22. f4 Bf6 23. Rd7 b6 24. g5 Rd8 25. Rfd1 Rxd7 26. Rxd7 Bb2 27. Be7
Bc1 28. Bd6 Be3+ 29. Kg2 a5 30. Kf3 Bg1 31. Rb7 Rd8 32. Bc7 Rd2 33. Rb8+ Kg7
34. Be5+ f6 35. gxf6+ Kf7 36. Rb7+ Kg8 37. a3 Bc5 38. b4 axb4 39. axb4 Bxb4 40.
Rxb6 Bc5 41. Rc6 Bb4 42. Rc8+ Kf7 43. Rc7+ Ke8 44. c5 Rd5 45. Bd6 Rf5 46. Re7+
Kd8 47. f7 1-0